NCAA FBS Programs in Texas - Statistics

General Stats
  • This quiz has been taken 34 times
  • The average score is 10 of 12
Answer Stats
Hint Answer % Correct
SEC Texas A&M University
97%
Big 12 University of Houston
97%
SEC University of Texas – Austin
97%
Big 12 Texas Christian University
90%
Big 12 Texas Tech University
90%
Big 12 Baylor University
84%
Conference USA University of Texas – El Paso
84%
American University of Texas – San Antonio
81%
American Rice University
77%
ACC Southern Methodist University – SMU
77%
Sun Belt Texas State University
68%
American University of North Texas
68%
No matching quizzes found
Score Distribution
Percent of People with Each Score
Percentile by Number Answered
Your Score History
You have not taken this quiz